Obras completas / (Record no. 14594)
[ view plain ]
| 000 -LEADER | |
|---|---|
| campo de control de longitud fija | 01182nam a2200265 i 4500 |
| 001 - NÚMERO DE CONTROL | |
| campo de control | 14594 |
| 003 - IDENTIFICADOR DE NÚMERO DE CONTROL | |
| campo de control | ES-MaACL |
| 005 - FECHA Y HORA DE LA ÚLTIMA TRANSACCIÓN | |
| campo de control | 20240507102845.0 |
| 007 - CAMPO FIJO DE DESCRIPCIÓN FÍSICA--INFORMACIÓN GENERAL | |
| campo de control de longitud fija | t| |
| 008 - DATOS DE LONGITUD FIJA--INFORMACIÓN GENERAL | |
| campo de control de longitud fija | 990429q1995 sp 2006 |||| | spa d |
| 020 ## - NÚMERO INTERNACIONAL ESTÁNDAR DEL LIBRO | |
| Número Internacional Estándar del Libro | 84-7506-425-6 |
| 080 ## - NÚMERO DE LA CLASIFICACIÓN DECIMAL UNIVERSAL | |
| Número de la Clasificación Decimal Universal | 821.134.2-82"18" |
| 100 1# - ENTRADA PRINCIPAL--NOMBRE DE PERSONA | |
| Nombre de persona | Alas, Leopoldo |
| Fechas asociadas al nombre | 1852-1901 |
| 9 (RLIN) | 226375 |
| 245 10 - MENCIÓN DEL TÍTULO | |
| Título | Obras completas / |
| Mención de responsabilidad, etc. | Leopoldo Alas "Clarín" ; [edición y prólogo de Santos Sanz Villanueva]. |
| 260 ## - PUBLICACIÓN, DISTRIBUCIÓN, ETC. | |
| Lugar de publicación, distribución, etc. | Madrid : |
| Nombre del editor, distribuidor, etc. | Turner, |
| Fecha de publicación, distribución, etc. | [1995-2006] |
| 300 ## - DESCRIPCIÓN FÍSICA | |
| Extensión | <1-6> v. ; |
| Dimensiones | 23 cm. |
| 490 1# - MENCIÓN DE SERIE | |
| Mención de serie | Biblioteca Castro |
| 500 ## - NOTA GENERAL | |
| Nota general | V. 3, 5-6 publ. por Fundación José Antonio de Castro. |
| 504 ## - NOTA DE BIBLIOGRAFÍA, ETC. | |
| Nota de bibliografía, etc. | Bibliografía. |
| 505 8# - NOTA DE CONTENIDO CON FORMATO | |
| Nota de contenido con formato | Contiene: v. 1. La Regenta - v. 2. Pipá ; Doña Berta, Cuervo, Superchería ; El Señor y los demás, son cuentos - v. 3. Su único hijo ; Relatos sueltos y narraciones incompletas ; Teatro - v. 4. Folletos literarios - v. 5. Solos de "Clarín" ; La literatura en 1881 ; Sermón perdido - v. 6. Nueva campaña ; Mezclilla ; Alcalá Galiano ; Benito Pérez Galdós |
| 700 0# - ENTRADA AGREGADA--NOMBRE PERSONAL | |
| Nombre de persona | Sanz Villanueva, Santos, |
| Fechas asociadas al nombre | 1948- |
| 9 (RLIN) | 103692 |
| 830 0# - PUNTO DE ACCESO ADICIONAL DE SERIE-TÍTULO UNIFORME | |
| Título uniforme | Biblioteca Castro |
| 9 (RLIN) | 178957 |
| 852 ## - LOCALIZACIÓN | |
| Ubicación | ES-MaACL |
| Número de control de estantería | P-1953 |
| Estatus retirado | Estado de pérdida | Estado de daño | No para préstamo | Biblioteca de origen | Biblioteca actual | Ubicación en estantería | Fecha de adquisición | Fuente de adquisición | Total de préstamos | Signatura topográfica completa | Código de barras | Visto por última vez | Precio de reemplazo | Tipo de ítem Koha |
|---|---|---|---|---|---|---|---|---|---|---|---|---|---|---|
| Biblioteca del Ateneo de Madrid | Biblioteca del Ateneo de Madrid | Depósito 2 | 17/01/2008 | P-1953 | 1014842 | 23/02/2023 | 23/02/2023 | Libro impreso |
